Путівник з громадського контролю за діяльністю органів місцевого самоврядування (Запис № 371822)

МАРК-запис
000 -Лідер
fixed length control field 02113nam a22002657a 4500
003 - Ідентифікатор контрольного номера
control field UA-OsUOA
001 - Контрольний номер
control field 85516
007 - Фіксоване поле фізичного опису
fixed length control field ta
008 - Елементи даних фіксованої довжини – загальна інформація
fixed length control field 20120703b un ||||| |||| 00| 0 ukr d
090 ## - Локальний шифр розміщення
Класифікаційний індекс УДК 070+654.172(075.8)
Авторський знак (НП) П90
040 ## - Джерело каталогізації
Агенція оригінальної каталогізації UA-OsUOA
Мова каталогізації ukr
Агенція, яка здійснювала перезапис UA-OsUOA
Агенція, яка здійснювала модифікацію UA-OsUOA
041 ## - Код мови
Код мови тексту/ звукової доріжки чи окремого заголовка (П) ukr
080 ## - Індекс Універсальної десяткової класифікації
Індекс Універсальної десяткової класифікації (УДК) (НП) 070+654.172(075.8)
020 ## - Міжнародний стандартний книжковий номер (ISBN)
Міжнародний стандартний книжковий номер (ISBN) (НП) 978-966-518-525-3
245 ## - Відомості про назву
Назва (НП) Путівник з громадського контролю за діяльністю органів місцевого самоврядування
Дані про відповідальність (НП) За ред. Неберикута О.
260 ## - Публікація, розповсюдження і т.п. (Вихідні дані)
Місце публікації, розповсюдження і т.п. (П) Львів
Ім’я/ наймення видавництва, розповсюджувача і т.п. (П) КМА
Дата публікації, розповсюдження і т.п. (П) 2009
300 ## - Фізичний опис
Обсяг 84 с.
520 3# - Резюме і т.п.
Резюме, реферат, анотація, тощо (НП) Підручник ставить за мету розкрити концептуально-теоретичні засади функціонування телевізійної журналістики у системі ЗМІК. Новітню телевізійну журналістику в Україні не можна уявити поза тлумаченням соціальної дійсності, поза оцінкою і прогнозом
520 3# - Резюме і т.п.
Резюме, реферат, анотація, тощо (НП) , поза коментуванням подій та явищ суспільного життя.Українська школа журналістики тяжіє до європейської, де без аналізу фактів, розкриття їх суті, виявлення їх причинно-наслідкових взаємозв’язків – не можна вважати нормальним життя громадян. Аналіт
520 3# - Резюме і т.п.
Резюме, реферат, анотація, тощо (НП) ичність журналістики є виразом її сутності як певної форми відображення об’єктивної і реальної дійсності. Видання розраховане на студентів відділень міжнародної інформації та тих, хто цікавиться телебаченням.
650 #7 - Додаткове предметне введення – тематичний термін
Тематичний термін чи географічна назва, як елемент введення (НП) 070 Газети. Преса. Журналістика
Джерело заголовка чи терміна UDC
942 ## - Додаткові елементи входу (Коха)
Тип елемента Koha Книги
955 ## - Код типу видання за змістом
Код типу видання за змістом (НП) Навчальні видання
Фонди
Стан вилучень Стан втрат Джерело класифікації або схеми стелажів Стан уражень Не для кредиту Код колекції Постійне місце розташування Поточне розміщення Дата придбання Джерело придбання Вартість, звичайна ціна покупки Інвентарний номер Усього замовленно Повний номер виклику Штрих-код Дата останнього перегляду Ціна ефективна від Тип елемента Koha
    Universal Decimal Classification     Колекція Штурхецького С.В. ЧЗ - Читальна зала ЧЗ - Читальна зала 03/07/2012 49/2012 9.00 139986   070+654.172(075.8) П90 139986 07/02/2022 03/07/2012 Книги